|
|
|
|
| LEADER |
00853pam a22002298a 4500 |
| 001 |
00029797 |
| 005 |
20171026081022.0 |
| 008 |
121121s1994 ||||||viesd |
| 041 |
0 |
# |
|a vie
|
| 082 |
1 |
4 |
|a 741.959 7
|b N114M
|
| 245 |
1 |
0 |
|a Năm mươi năm tranh tượng về lực lượng vũ trang và chiến tranh cách mạng 1944-1945
|
| 246 |
0 |
1 |
|a Fifty years of paiting anhd sculpture on armed forces and revolutionary wars
|
| 260 |
# |
# |
|a Hà Nội
|b Mỹ Thuật
|c 1994
|b Quân đội nhân dân
|
| 300 |
# |
# |
|a 160 tr.
|c 35 cm.
|b ảnh màu
|
| 653 |
# |
# |
|a Nghệ thuật
|
| 653 |
# |
# |
|a Việt Nam
|
| 653 |
# |
# |
|a Tác phẩm
|
| 653 |
# |
# |
|a Tranh
|
| 852 |
# |
# |
|b Kho đọc
|j KD.0014189
|
| 852 |
# |
# |
|j KD.0014189
|
| 910 |
|
|
|d 21/11/2012
|
| 980 |
# |
# |
|a Trung tâm Học liệu Lê Vũ Hùng, Trường Đại học Đồng Tháp
|